| 000 -LEADER |
| fixed length control field |
00952cam a2200229 i 4500 |
| 003 - CONTROL NUMBER IDENTIFIER |
| control field |
OSt |
| 005 - DATE AND TIME OF LATEST TRANSACTION |
| control field |
20230309130246.0 |
| 008 - FIXED-LENGTH DATA ELEMENTS--GENERAL INFORMATION |
| fixed length control field |
171213s2019 nyua b 001 0 eng |
| 020 ## - INTERNATIONAL STANDARD BOOK NUMBER |
| International Standard Book Number |
9789353439682 |
| 082 00 - DEWEY DECIMAL CLASSIFICATION NUMBER |
| Classification number |
001.4 |
| Edition number |
23 |
| Item number |
PAU |
| 100 1# - MAIN ENTRY--PERSONAL NAME |
| Personal name |
Leedy, Paul D., |
| Relator term |
author. |
| 245 10 - TITLE STATEMENT |
| Title |
Practical research : |
| Remainder of title |
planning and design / |
| Statement of responsibility, etc |
Paul D. Leedy, Late of American University and Jeanne Ellis Ormrod, University of Northern Colorado (Emerita) ; with Laura Ruth Johnson, Northern Illinois University. |
| 250 ## - EDITION STATEMENT |
| Edition statement |
Twelfth edition. |
| 300 ## - PHYSICAL DESCRIPTION |
| Extent |
xx, 441 pages : |
| Other physical details |
color illustrations ; |
| Dimensions |
27 cm |
| 504 ## - BIBLIOGRAPHY, ETC. NOTE |
| Bibliography, etc |
Includes bibliographical references and index. |
| 650 #0 - SUBJECT ADDED ENTRY--TOPICAL TERM |
| Topical term or geographic name as entry element |
Research |
| General subdivision |
Methodology. |
| 700 1# - ADDED ENTRY--PERSONAL NAME |
| Personal name |
Ormrod, Jeanne Ellis, |
| Relator term |
author. |
| 700 1# - ADDED ENTRY--PERSONAL NAME |
| Personal name |
Johnson, Laura Ruth, |
| Relator term |
author. |
| 906 ## - LOCAL DATA ELEMENT F, LDF (RLIN) |
| a |
7 |
| b |
cbc |
| c |
orignew |
| d |
1 |
| e |
ecip |
| f |
20 |
| g |
y-gencatlg |
| 942 ## - ADDED ENTRY ELEMENTS (KOHA) |
| Source of classification or shelving scheme |
|
| 955 ## - COPY-LEVEL INFORMATION (RLIN) |
| Book number/undivided call number, CCAL (RLIN) |
rl03 2017-12-13 |
| Copy status, CST (RLIN) |
rl03 2017-12-13 to Dewey |
| Classification number, CCAL (RLIN) |
xn08 2018-04-16 1 copy rec'd., to CIP ver. |